El problema moral y el pensamiento de Sartre
Saved in:
| Main Author: | |
|---|---|
| Format: | Book |
| Language: | Undetermined |
| Published: |
Buenos Aires, Argentina
Siglo Veintiuno
1968
|
| Subjects: | |
| Tags: |
Add Tag
No Tags, Be the first to tag this record!
|
MARC
| LEADER | 00000nam a2200000Ia 4500 | ||
|---|---|---|---|
| 008 | 170316s9999 xx 000 0 und d | ||
| 090 | |a 100 J-7p | ||
| 100 | |a Jeanson, Francis | ||
| 245 | |a El problema moral y el pensamiento de Sartre | ||
| 260 | |a Buenos Aires, Argentina | ||
| 260 | |b Siglo Veintiuno | ||
| 260 | |c 1968 | ||
| 300 | |a 351 páginas | ||
| 650 | |a FILOSOFÍA | ||
| 650 | |a MORAL. | ||
| 650 | |a SARTRE | ||
| 999 | |c 16614 |d 16614 | ||
| 040 | |a cru BVZT | ||
| 942 | |c 15 D |h 100 J-7p |2 z | ||
